000 00542nam a2200181Ia 4500
001 18557
005 20260306171639.0
008 260306s9999||||xx |||||||||||||| ||und||
041 _aESP
082 _a658.408
_bS24
100 _aSánchez-Urán Azaña, Yolanda
_eAUT
245 0 _aResponsabilidad social de las organizaciones:
_buna perspectiva jurídica en el marco de la economía sostenible en la Unión Europea
260 _c2016
300 _a370 páginas :
_c24 cm.
650 _aGEN
654 _aCAN
942 _cLIB
_dJUS
_fJUS
_2ddc
_n
999 _c18557
_d18557